000 00599nam a22001457a 4500
003 OSt
005 20150928092229.0
008 150928b xxu||||| |||| 00| 0 eng d
040 _cRUA
082 _aAGR KHA 2013 B053 Or.1
100 _91470
_aKHAN, CHANNAVORN.
245 _adamage level of golden app;le snail on rice plantatfive cropages ( កំរិតបំផ្លាញរបស់ខ្យងមាសស៊ីស្រូវទៅលើដំណាំស្រូវនៅប្រាំអាយុកាលខុសៗគ្នា)
260 _aPhnom Penh
_bRUA
_c2013
942 _2ddc
_cAGR
999 _c1381
_d1381